00660nam a2200145Ia 4500008004100000050002300041100002500064245014700089260008600236300003300322521002700355942000700382999001900389952010600408140724s9999 xx 000 0 und d aT 58.6b.G643 2014 aGonzales, Michael D. aAutomated generation of student evaluation rating for college teachers of Southville International School and Colleges /cMichael D. Gonzales. aLas Piñas, Philippines :bSouthville International School and Colleges,cc2014. a82 p. :bcol. Ill. ;c28 cm. aInformation Technology cTH c229316d229316 001040aCLbCLcTHESESd2014-07-24l0oT 58.6 .G643 2014pT0670r2018-05-15 00:00:00w2014-07-24yTH